Globalization and the Gulf / (Record no. 106835)
[ view plain ]
| 000 -LEADER | |
|---|---|
| campo de control de longitud fija | 02441cam a2200373 i 4500 |
| 001 - NÚMERO DE CONTROL | |
| campo de control | 111953 |
| 005 - FECHA Y HORA DE LA ÚLTIMA TRANSACCIÓN | |
| campo de control | 20230411085737.0 |
| 008 - DATOS DE LONGITUD FIJA--INFORMACIÓN GENERAL | |
| campo de control de longitud fija | 130807s2006 enka 000 0 eng |
| 020 ## - NÚMERO INTERNACIONAL ESTÁNDAR DEL LIBRO | |
| Número Internacional Estándar del Libro | 9780415770132 |
| 020 ## - NÚMERO INTERNACIONAL ESTÁNDAR DEL LIBRO | |
| Número Internacional Estándar del Libro | 0415770130 |
| 020 ## - NÚMERO INTERNACIONAL ESTÁNDAR DEL LIBRO | |
| Número Internacional Estándar del Libro | 9780415770149 |
| 020 ## - NÚMERO INTERNACIONAL ESTÁNDAR DEL LIBRO | |
| Número Internacional Estándar del Libro | 0415770149 |
| 041 0# - CÓDIGO DE IDIOMA | |
| Código de lengua del texto/banda sonora o título independiente | eng |
| 050 14 - SIGNATURA TOPOGRÁFICA DE LA BIBLIOTECA DEL CONGRESO | |
| Número de clasificación | JZ 1318 |
| Número de ítem | G562g 2006 |
| 245 00 - MENCIÓN DEL TÍTULO | |
| Título | Globalization and the Gulf / |
| Mención de responsabilidad, etc. | edited by John W. Fox, Nada Mourtada-Sabbah and Mohammed Al Mutawa. |
| 260 ## - PUBLICACIÓN, DISTRIBUCIÓN, ETC. | |
| Lugar de publicación, distribución, etc. | London : |
| Nombre del editor, distribuidor, etc. | Routledge, |
| Fecha de publicación, distribución, etc. | 2006. |
| 300 ## - DESCRIPCIÓN FÍSICA | |
| Extensión | viii, 298 p. ; |
| Dimensiones | 25 cm. |
| 505 0# - NOTA DE CONTENIDO CON FORMATO | |
| Nota de contenido con formato | The Arab Gulf region : traditionalism globalized or globalization traditionalized? / John W. Fox, Nada Mourtada-Sabbah, Mohammad Al-Mutawa -- The concept of security in a globalizing world / Steve Smith -- Globalization at the beginnings of the twentieth and twenty-first centuries / Roger Owen -- Globalization as economic phenomenon : a critical interpretation / Tim Niblock -- The trends in globalization critiqued / Ismail Sirageldin -- How likely is democracy in the Gulf? / Khaldoun Al Naqeeb -- An argument for enhancing Arab identity within globalization / Gaber Asfour -- The Gulf engulfed : confronting globalization American-style / Michael C. Hudson -- Saudi Arabia's role in the global economy / Rodney Wilson -- The impact of globalization on Arab Gulf states / Abdulkhaleq Abdulla -- An overview of international relations from the Arabian Gulf / Fred Halliday -- Foreign matter : the place of strangers in Gulf society / Paul Dresch -- Ambivalent anxieties of the South Asian-Gulf Arab labor exchange / John Willoughby -- The evolution of the Gulf city type, oil, and globalization / Sulayman Khalaf -- Heritage revivalism in Sharjah / John W. Fox, Nada Mourtada-Sabbah, Mohammed Al-Mutawa. |
| 650 #0 - PUNTO DE ACCESO ADICIONAL DE MATERIA--TÉRMINO DE MATERIA | |
| Término de materia o nombre geográfico como elemento de entrada | Globalization |
| Subdivisión geográfica | Arab countries. |
| 650 #0 - PUNTO DE ACCESO ADICIONAL DE MATERIA--TÉRMINO DE MATERIA | |
| Término de materia o nombre geográfico como elemento de entrada | Globalization. |
| 650 #0 - PUNTO DE ACCESO ADICIONAL DE MATERIA--TÉRMINO DE MATERIA | |
| Término de materia o nombre geográfico como elemento de entrada | Persian Gulf Region |
| Subdivisión general | Civilization. |
| 650 #0 - PUNTO DE ACCESO ADICIONAL DE MATERIA--TÉRMINO DE MATERIA | |
| Término de materia o nombre geográfico como elemento de entrada | Persian Gulf Region |
| Subdivisión general | Civilization |
| -- | Western influences. |
| 650 #0 - PUNTO DE ACCESO ADICIONAL DE MATERIA--TÉRMINO DE MATERIA | |
| Término de materia o nombre geográfico como elemento de entrada | Persian Gulf Region |
| Subdivisión general | Civilization. |
| 650 #4 - PUNTO DE ACCESO ADICIONAL DE MATERIA--TÉRMINO DE MATERIA | |
| Término de materia o nombre geográfico como elemento de entrada | Globalización |
| Subdivisión general | Países árabes. |
| 650 #4 - PUNTO DE ACCESO ADICIONAL DE MATERIA--TÉRMINO DE MATERIA | |
| Término de materia o nombre geográfico como elemento de entrada | Globalización. |
| 650 #4 - PUNTO DE ACCESO ADICIONAL DE MATERIA--TÉRMINO DE MATERIA | |
| Término de materia o nombre geográfico como elemento de entrada | Región del golfo pérsico |
| Subdivisión general | Civilizacion. |
| 650 #4 - PUNTO DE ACCESO ADICIONAL DE MATERIA--TÉRMINO DE MATERIA | |
| Término de materia o nombre geográfico como elemento de entrada | Región del golfo pérsico |
| Subdivisión general | Civilizacion |
| -- | Influencias Occidentales. |
| 650 #4 - PUNTO DE ACCESO ADICIONAL DE MATERIA--TÉRMINO DE MATERIA | |
| Término de materia o nombre geográfico como elemento de entrada | Región del golfo pérsico |
| Subdivisión general | Civilizacion |
| 700 1# - ENTRADA AGREGADA--NOMBRE PERSONAL | |
| Nombre de persona | Fox, John W. |
| 700 1# - ENTRADA AGREGADA--NOMBRE PERSONAL | |
| Nombre de persona | Sabbah, Nada Mourtada |
| 700 1# - ENTRADA AGREGADA--NOMBRE PERSONAL | |
| Nombre de persona | Mutawa, Mohammed al |
| 942 ## - ELEMENTOS DE ENTRADA SECUNDARIOS (KOHA) | |
| Fuente del sistema de clasificación o colocación | Clasificación de Library of Congress |
| Tipo de ítem Koha | |
| 946 ## - PROCESAMIENTO DE INFORMACIÓN LOCAL (OCLC) | |
| a | lmd |
| Estatus retirado | Estado de pérdida | Fuente del sistema de clasificación o colocación | Estado de daño | No para préstamo | Colección | Biblioteca de origen | Biblioteca actual | Ubicación en estantería | Fecha de adquisición | Signatura topográfica completa | Código de barras | Visto por última vez | Copia número | Tipo de ítem Koha |
|---|---|---|---|---|---|---|---|---|---|---|---|---|---|---|
| Clasificación de Library of Congress | Ciencias Sociales | Biblioteca Juan Bosch | Biblioteca Juan Bosch | Ciencias Sociales (3er. Piso) | 11/04/2023 | 14 JZ 1318 G562g 2006 | 00000105773 | 17/02/2019 | 1 |
